Small groups and personal change /

Bibliographic Details
Other Authors: Smith, Peter Bevington
Format: Book
Language:English
Published: London ; New York : Methuen, 1980.
Series:Psychology in progress.
Subjects:

MARC

Tag First Indicator Second Indicator Subfields
LEADER 00000cam a2200000 a 4500
001 in00000090186
005 20151008065621.0
008 820804s1980 enk b 00100 eng
010 |a  80040557  
015 |a GB*** 
019 |a 8509813 
020 |a 0416727905 
020 |a 0416728006 (pbk.) 
035 |a (OCoLC)07147168 
035 |9 AAK6272AM 
039 0 |a 2  |b 3  |c 3  |d 3  |e 3 
040 |a DLC  |c DLC  |d TXA  |d UtOrBLW 
049 |a TXAM  |c [1329337] 
050 0 0 |a HM131  |b  S563 
082 0 |a 158/.2  |2 19 
245 0 0 |a Small groups and personal change /  |c edited by Peter B. Smith. 
264 1 |a London ;  |a New York :  |b Methuen,  |c 1980. 
300 |a viii, 262 pages ;  |c 23 cm. 
336 |a text  |b txt  |2 rdacontent 
337 |a unmediated  |b n  |2 rdamedia 
338 |a volume  |b nc  |2 rdacarrier 
490 1 |a Psychology in progress 
504 |a Includes bibliographies and indexes. 
505 0 |a Introduction / Peter B. Smith -- The outcome of sensitivity training and encounter / Peter B. Smith -- Studies of the processes and dynamics within experiential groups / W. Brendan Reddy and Kathy M. Lippert -- Theories of personal learning in groups / Keith Oatley -- The usefulness of groups in clinical settings / Peter B. Smith, Heather Wood, and Gerald G. Smale -- The purposes of group-work in social work / Nano McCaughan -- Self-help health groups / David Robinson -- Organization development in industry : perspectives on progress and stuckness / Robert T. Golembiewski -- Organization development in schools / Matthew B. Miles and Michael Fullan. 
650 0 |a Small groups. 
650 0 |a Personality change. 
700 1 |a Smith, Peter Bevington. 
830 0 |a Psychology in progress. 
999 |a MARS 
999 f f |s a3dd494f-a810-3e7b-a3a0-c87e5a07f2d9  |i 14eff725-ea42-3c7c-bb65-73e5f4075a72  |t 0 
952 f f |p ric  |a Texas A&M University  |b Rellis Campus  |c Joint Library Facility  |d Remote Storage  |t 0  |e HM131 S563  |h Library of Congress classification  |i unmediated -- volume  |m A14806003710 
998 f f |a HM131 S563  |t 0  |l Remote Storage